| 000 | 00461cam a2200181ua 4500 | ||
|---|---|---|---|
| 020 | _c54.75 | ||
| 041 |
_aeng _h |
||
| 082 |
_a621.815 _bPHE/FU |
||
| 100 | _aPhilan, Richard M . | ||
| 245 |
_aFundamentals of mechanical design / _cM Richard Philan. _hTextual Documents |
||
| 250 |
_a1 / _b. |
||
| 260 |
_aNew York : _bMcGraw Hill Book Company , _c1962. |
||
| 300 | _a571 ; . | ||
| 365 | _a54.75 | ||
| 504 | _a | ||
| 942 | _cBK | ||
| 999 |
_c9202 _d9202 |
||